Ulisses (Registo nº 202812)
[ vista simples ]
| 000 -Etiqueta do registo | |
|---|---|
| Valores | 00580nam 22001933 4500 |
| 100 ## - Dados gerais de processamento | |
| Dados gerais | 20230823d u||y0pory50 ba |
| 200 ## - Titulo e menção de responsabilidade | |
| Título próprio | Ulisses |
| Primeira menção de responsabilidade | James Joyce |
| Outras menções de responsabilidade | traduction intégrale par Auguste Morel |
| 210 ## - Publicação | |
| Local de publicação | Gallimard |
| Nome do editor | Ulysse |
| Data de publicação | cop.1948 |
| 215 ## - Descrição física | |
| Paginação / Volumes | 704 p. |
| Outras indicações físicas | brochado |
| Dimensões | 17 cm |
| 225 ## - Colecção | |
| Título próprio da colecção | Livre de Ponche |
| Indicação de volume | 1436 |
| 606 ## - Nome comum usado como assunto | |
| ID Autoridade | 1143 |
| Palavra de ordem | Literatura Irlandesa |
| 610 ## - Termos não controlados | |
| Palavra de ordem | Em língua Francesa |
| 675 ## - CDU | |
| Notação | 821.111(417)-3 |
| Edição | FR |
| Língua | fra |
| 700 ## - Autor principal (pessoa individual) | |
| ID Autoridade | 2261 |
| Apelido | Joyce |
| Nome | James |
| Datas | 1882-1941 |
| 801 ## - Fonte de origem | |
| País | PT |
| Agência | BMMN |
| Regras de catalogação | RPC |
| 830 ## - Notas gerais do catalogador | |
| Criado por | Ana Falardo |
| Indexado por | Ana Falardo |
| 990 ## - Elementos KOHA | |
| Tipo de documento | Livro |
| Situação do levantamento | Biblioteca de origem | Código de barras | Cota | Permissão de empréstimo | Tipo de documento | Nota relativa ao exemplar | Forma de aquisição |
|---|---|---|---|---|---|---|---|
| Biblioteca Municipal de Montemor-o-Novo | 32331 | 821.111(417)-3 JOY|SAF | Livro | Acesso Condicionado | Oferta |